Cities of Miami-Dade County, Florida - Statistics

General Stats
  • This quiz has been taken 93 times
  • The average score is 14 of 34
Answer Stats
Answer Population % Correct
Miami 449,514
97%
Hialeah 220,292
85%
Miami Beach 80,017
80%
Homestead 81.562
69%
Miami Gardens 110,497
64%
North Miami 58,906
63%
Coral Gables 49,193
61%
South Miami 11,744
58%
Doral 76,983
53%
Florida City 12,644
51%
Key Biscayne 14,435
44%
Miami Lakes 30,830
42%
North Miami Beach 43,023
42%
Aventura 38,930
41%
Hialeah Gardens 22,364
39%
West Miami 6,992
37%
Cutler Bay 43,958
32%
Miami Shores 11,569
32%
Opa-Locka 15,888
32%
Palmetto Bay 24,237
32%
Sunny Isles Beach 21,996
32%
Surfside 5,487
32%
Miami Springs 13,416
31%
Pinecrest 17,973
31%
North Bay Village 7,884
25%
Sweetwater 19,588
25%
Bal Harbour 2,981
24%
Golden Beach 955
22%
El Portal 1,910
20%
Virginia Gardens 2,276
19%
Bay Harbor Islands 5,717
17%
Medley 1,032
17%
Biscayne Park 3,017
15%
Indian Creek Village 82
7%
No matching quizzes found
Score Distribution
Percent of People with Each Score
Percentile by Number Answered
Your Score History
You have not taken this quiz